Chuyển đến nội dung
Inicio
Centros participantes
Catálogo
Servicios
Contacto
Đăng nhập
English
Deutsch
Español
Français
Italiano
日本語
Nederlands
Português
Português (Brasil)
中文(简体)
中文(繁體)
Türkçe
עברית
Gaeilge
Cymraeg
Ελληνικά
Català
Euskara
Русский
Čeština
Suomi
Svenska
polski
Dansk
slovenščina
اللغة العربية
বাংলা
Galego
Tiếng Việt
Hrvatski
हिंदी
Հայերէն
Українська
Sámegiella
Ngôn ngữ
Tất cả các trường
Tiêu đề
Tác giả
Chủ đề
Số hiệu
số ISBN/ISSN
Nhãn
Tìm kiếm
Nâng cao
Relaciones económicas América...
Trích dẫn điều này
Email này
In
Xuất bản ghi
Xuất tới RefWorks
Xuất tới EndNoteWeb
Xuất tới EndNote
Lưu vào danh sách
Liên kết dài hạn
Agregar primera valuación
Relaciones económicas América Latina-CEE 1984 - 1985: posibilidades de cambio en un contexto mundial en transformación
Đã lưu trong:
Chi tiết về thư mục
Tác giả của công ty:
SELA
Định dạng:
Texto
Được phát hành:
Caracas:
SELA
Các nhãn:
Thêm thẻ
Không có thẻ, Là người đầu tiên thẻ bản ghi này!
Đang giữ
Miêu tả
Những bình luận
Những quyển sách tương tự
Chế độ xem nhân viên
MARC
LEADER
00000 a a2200000 04500
001
24367
003
040
090
|a
172700
110
|a
SELA
245
|a
Relaciones económicas América Latina-CEE 1984 - 1985: posibilidades de cambio en un contexto mundial en transformación
260
|a
Caracas:
|b
SELA
300
|a
153 p
|b
**no definido**
999
|c
17345
|d
17345
Những quyển sách tương tự
Relaciones económicas América Latina-CEE 1984 - 1985: posibilidades de cambio en un contexto mundial en transformación
Consecuencias de la expansión meridional de la CEE para sus relaciones con América Latina
Bằng: Aschoff, Guido
La Unidad nacional en América Latina
Bằng: Palacios, Marcos
Estructura y funcionamiento del Cabildo de Quito 1534 - 1551
Bằng: Landázuri Camacho, Carlos
La Crisis nacional general de 1895 /
Bằng: Quintero López, Rafael